Načítá se...
Principles of genetics
| Hlavní autoři: | , |
|---|---|
| Médium: | Printed Book |
| Jazyk: | Undetermined Assamese |
| Vydáno: |
John wiley & Inc
2010
|
| Vydání: | 5 |
| Témata: |
| LEADER | 00638nam a2200241Ia 4500 | ||
|---|---|---|---|
| 008 | 141122s9999 xx 000 0 und d | ||
| 040 | |c . | ||
| 041 | |a asm | ||
| 041 | |a English | ||
| 082 | |a 576.5 | ||
| 082 | |b SNU/PR | ||
| 100 | |a Michael Simmons | ||
| 100 | |a Peter D Snustad | ||
| 245 | |a Principles of genetics | ||
| 245 | |c Peter D Snustad | ||
| 250 | |a 5 | ||
| 260 | |b John wiley & Inc | ||
| 260 | |c 2010 | ||
| 300 | |a 821 Pages | ||
| 650 | |a genetics | ||
| 942 | |c REF | ||
| 999 | |c 3674 |d 3674 | ||
| 952 | |0 0 |1 0 |2 ddc |4 0 |6 576_500000000000000_SIMPR |7 0 |9 3635 |a COVAS |b COVAS |d 0000-00-00 |o 576.5 SIM/PR |p 19438 |r 2016-09-06 |w 2014-11-26 |y REF | ||